Sports Quiz

Random Sports or NBA Quiz

NBA Teams' Last MVP Quiz Stats

Quiz Updated Aug 9, 2017

Challenge
Share
Tweet
Embed
Score 0/21 Timer 05:00
3 Plays Today
Team MVP % Correct
Cleveland CavaliersLeBron James
99.2%
Miami HeatLeBron James
99.2%
Golden State WarriorsStephen Curry
98.1%
Los Angeles LakersKobe Bryant
96.9%
Chicago BullsDerrick Rose
96.3%
Oklahoma City ThunderRussell Westbrook
95.2%
San Antonio SpursTim Duncan
94.4%
Phoenix SunsSteve Nash
92.1%
Philadelphia 76ersAllen Iverson
92.1%
Minnesota TimberwolvesKevin Garnett
91.5%
Boston CelticsLarry Bird
91.2%
Team MVP % Correct
Dallas MavericksDirk Nowitzki
91.1%
Utah JazzKarl Malone
86.9%
Houston RocketsHakeem Olajuwon
83.6%
Milwaukee BucksKareem Abdul-Jabbar
71.8%
Portland Trail BlazersBill Walton
59%
Sacramento Kings*Oscar Robertson
55%
New York KnicksWillis Reed
51.2%
Atlanta Hawks*Bob Pettit
47.1%
Washington Wizards*Wes Unseld
40.9%
Los Angeles Clippers*Bob McAdoo
34.2%

You're not logged in!

Compare scores with friends on all Sporcle quizzes.
Sign Up with Email
OR
Log In

You Might Also Like...

Show Comments

Extras

Top Quizzes Today


Score Distribution

Your Account Isn't Verified!

In order to create a playlist on Sporcle, you need to verify the email address you used during registration. Go to your Sporcle Settings to finish the process.